000 00453nam a22001817a 4500
005 20180814122542.0
008 160524b xxu||||| |||| 00| 0 eng d
020 _a81-85502-83-2
041 _aeng
082 _b4586
_a658.4012
100 _aHILL, AND JONES
_94811
245 _aSTRATEGIC MANAGEMENT: text and cases
250 _a4th ed.
260 _aNew Delhi
_bAcademic Faundation
300 _a1219p,
650 _aManagement
_9241
942 _cBK
999 _c1538
_d1537